| 000 | 01060nam a2200277 i 4500 | ||
|---|---|---|---|
| 003 | DO-SdBNP | ||
| 005 | 20251113134116.0 | ||
| 007 | ta | ||
| 008 | 251031b2025 dr ||||| |||| 00| 0 spa d | ||
| 040 |
_aDO-SdBNP _bspa _cBNPHU _erda |
||
| 041 | _aspa | ||
| 082 | 4 |
_axxx _bxxx _222 |
|
| 100 | 1 |
_aGómez Valenzuela, Víctor, _eautor _4aut. _974056 |
|
| 245 | 1 | 3 |
_aEl capital natural de la República Dominicana : _ben la encrucijada de la sostenibilidad / _cVíctor Gómez Valenzuela ; cuidado de edición, Manuel Madé ; prólogo, Yvonne Arias Corniel |
| 264 | 4 |
_aSanto Domingo : _bInstituto Tecnológico de Santo Domingo INTEC, _c©2025. |
|
| 300 |
_a259 páginas : _bilustraciones, gráficos ; _c23 cm. |
||
| 336 |
_atexto _btxt _2rdacontent |
||
| 337 |
_asin mediación _bn _2rdamedia |
||
| 338 |
_avolumen _bnc _2rdacarrier |
||
| 504 | _aBibliografía: páginas 244-259 | ||
| 590 | _aInventariado, 2025 / LP | ||
| 700 | 1 |
_aMadé, Manuel, _eeditor _4ed. _977934 |
|
| 700 | 1 |
_aArias Corniel, Yvonne, _eprologuista _4pr. _988790 |
|
| 910 | _aLP | ||
| 942 |
_2ddc _cLBS1 |
||
| 999 |
_c59995 _d59995 |
||